Statystyki dla Sklad polski. Polska-Niemcy 2-0

Kliknij tutaj aby rozwiązać quiz!

Ogólne statystyki

  • Ten quiz został rozwiązany 2 926 razy
  • Średni wynik to 9 z 11

Statystyki odpowiedzi

PozycjaPilkarz% Poprawnych
NLewandowski
99%
BRSzczesny
98%
NMilik
96%
SOGlik
94%
POPiszczek
89%
SPDKrychowiak
87%
PPGrosicki
85%
LPGrosicki
85%
LOWawrzyniak
49%
SOSzukala
40%
SPJodlowiec
32%

Rozkład punktacji

Percentyl według liczby udzielonych odpowiedzi

Procent ludzi z każdym wynikiem

Twoja historia wyników

Nie rozwiązałeś tego quizu